000 00641nam a2200169Ia 4500
003 GCL
008 140319s9999 xx 000 0 ara d
040 _aGCL /
_cGCL
082 0 4 _a345.04
_bح ت
100 1 _aحسنيين عبدالسلام جابر
245 1 0 _aالتقرير الطبى باصابة المجنى علية واثره فى الاثبات فى الدعوتين الجنائية والمدنية /
_cحسنيين عبدالسلام جابر
260 _a[S.N] :
_bمكتبة الاجراءات الجنائية ،
_c1991
300 _a233 ص
490 _a
650 0 4 _aالقانون الجنائى
942 _2ddc
_cBK
999 _c57223
_d57223